El sentido del cuerpo

-д хадгалсан:
Номзүйн дэлгэрэнгүй
Үндсэн зохиолч: Vaca, César (Зохиогч)
Формат: Ном
Хэл сонгох:испани
Хэвлэсэн: Madrid BAC 1980
Цуврал:Cuadernos BAC, 33
Нөхцлүүд:
Шошгууд: Шошго нэмэх
Шошго байхгүй, Энэхүү баримтыг шошголох эхний хүн болох!

MARC

LEADER 00000nam a2200000 a 4500
001 UCZ8133
003 CL-VaPUC
008 960112e19800000SP |||||||||||||||||spa|d
082 0 4 |a 233  |b VAC  |2 21 
100 0 |a Vaca, César  |e author  |9 353298 
245 1 3 |a El sentido del cuerpo 
300 |a 30 p 
942 |c BK 
945 |d 19960112 00:00:00  |a lriquelm 
260 |a Madrid  |b BAC  |c 1980 
650 0 |a Religión   |9 255164 
650 0 |a Iglesia Católica  |9 256114 
650 7 |a HOMBRE  |2 CL-VaPUC  |9 262149 
650 0 |a Naturaleza humana   |9 308593 
650 0 |a Creencia Religiosa  |9 316904 
583 |a last modification  |c 19960112 00:00:00  |k Rodrigo Vera 
490 0 |a Cuadernos BAC, 33 
999 |c 244088  |d 244086 
952 |0 0  |1 0  |4 0  |6 233_000000000000000_VAC_1980  |7 0  |8 A  |9 258018  |a BIBEDU  |b BIBEDU  |d 2019-11-19  |i 1617702  |o 233 VAC 1980  |p 1617702  |r 2019-11-19  |w 2019-11-19  |y BK  |k EDU 
952 |0 0  |1 0  |4 0  |6 233_000000000000000_VAC_1980  |7 0  |8 A  |9 258019  |a BIBEDU  |b BIBEDU  |d 2019-11-19  |i 1617354  |o 233 VAC 1980  |p 1617354  |r 2019-11-19  |w 2019-11-19  |y BK  |k EDU